The United States: from wilderness to world power. (Record no. 135341)
[ view plain ]
| 000 -LEADER | |
|---|---|
| fixed length control field | 00627nam a22001937a 4500 |
| 010 ## - LIBRARY OF CONGRESS CONTROL NUMBER | |
| LC control number | 419301 |
| 035 ## - SYSTEM CONTROL NUMBER | |
| System control number | 419301 |
| 040 ## - CATALOGING SOURCE | |
| Original cataloging agency | DPL |
| Language of cataloging | EN |
| 082 ## - DEWEY DECIMAL CLASSIFICATION NUMBER | |
| Edition number | 973 |
| Item number | HAR |
| 100 ## - MAIN ENTRY--PERSONAL NAME | |
| Personal name | Harlow, Ralph Volney |
| 9 (RLIN) | 111161 |
| 245 ## - TITLE STATEMENT | |
| Title | The United States: from wilderness to world power. |
| Statement of responsibility, etc | by Ralph Volney Harlow; Nelson Manfred Blake |
| 250 ## - EDITION STATEMENT | |
| Edition statement | 3rd ed |
| 260 ## - PUBLICATION, DISTRIBUTION, ETC. (IMPRINT) | |
| Place of publication, distribution, etc | New York |
| Name of publisher, distributor, etc | Rinehart and Winston |
| Date of publication, distribution, etc | 1961 |
| 300 ## - PHYSICAL DESCRIPTION | |
| Extent | ix, 966p |
| Dimensions | 24cm(Hb) |
| 650 ## - SUBJECT ADDED ENTRY--TOPICAL TERM | |
| Topical term or geographic name as entry element | United States -- History. |
| 9 (RLIN) | 27060 |
| 650 ## - SUBJECT ADDED ENTRY--TOPICAL TERM | |
| Topical term or geographic name as entry element | United States -- Civilization. |
| 9 (RLIN) | 18467 |
| 700 ## - ADDED ENTRY--PERSONAL NAME | |
| Personal name | Blake, Nelson Manfred |
| 9 (RLIN) | 4509 |
| 942 ## - ADDED ENTRY ELEMENTS (KOHA) | |
| Source of classification or shelving scheme | Dewey Decimal Classification |
| Koha item type | English Books |
| Classification part | 973 |
| Call number suffix | HAR |
| Withdrawn status | Lost status | Damaged status | Not for loan | Home library | Current library | Date acquired | Total Checkouts | Full call number | Barcode | Date last seen | Copy number | Price effective from | Koha item type | Public note |
|---|---|---|---|---|---|---|---|---|---|---|---|---|---|---|
| Written off | Central Library | Central Library | 05/10/2015 | HAR | 419301 | 05/10/2015 | 1 | 05/10/2015 | English Books | W/d List No. 8130/4; dtd 18.2.2017 |
